The Tao of being : a think and do workbook
| Main Author: | |
|---|---|
| Format: | Book |
| Published: |
Singapore :
S.S.Mubaruk & Brothers Pte.Ltd. ,
1994
|
| Subjects: |
MARC
| LEADER | 00000cam a2200000 7i4500 | ||
|---|---|---|---|
| 001 | 0000008813 | ||
| 002 | 000009610 | ||
| 005 | 20000330.0 | ||
| 020 | |a 9813046236 | ||
| 090 | 0 | 0 | |a 181.114 |b GRI |
| 100 | 1 | |a Grigg, Ray | |
| 245 | 1 | 0 | |a The Tao of being : |b a think and do workbook |c Ray Grigg |
| 260 | |a Singapore : |b S.S.Mubaruk & Brothers Pte.Ltd. , |c 1994 | ||
| 300 | |a 164 p. : |b ill ; |c 22 cm. | ||
| 650 | 0 | 0 | |a Taoism |
| 999 | |a 040419 |b BUKU |c PINJAMAN |e PERPUSTAKAAN KOMUNITI PETALING JAYA | ||